00241nam a2200109Ia 4500008004100000100001700041245001900058260001600077260000900093546001200102999001700114170619s9999 xx 000 0 und d aBerman- Fran 0aGrid Computing bWiley-India c2011 aENGLISH c20433d20433